Ética del desarrollo / (Record no. 74590)

MARC details
000 -LEADER
campo de control de longitud fija 00797nam a2200277 i 4500
001 - NÚMERO DE CONTROL
campo de control 74590
003 - IDENTIFICADOR DE NÚMERO DE CONTROL
campo de control ES-MaACL
005 - FECHA Y HORA DE LA ÚLTIMA TRANSACCIÓN
campo de control 20250815005257.0
007 - CAMPO FIJO DE DESCRIPCIÓN FÍSICA--INFORMACIÓN GENERAL
campo de control de longitud fija t|
008 - DATOS DE LONGITUD FIJA--INFORMACIÓN GENERAL
campo de control de longitud fija 040920s1965 sp ||||1| spa d
080 ## - NÚMERO DE LA CLASIFICACIÓN DECIMAL UNIVERSAL
Número de la Clasificación Decimal Universal 338.92
080 ## - NÚMERO DE LA CLASIFICACIÓN DECIMAL UNIVERSAL
Número de la Clasificación Decimal Universal 308
100 1# - ENTRADA PRINCIPAL--NOMBRE DE PERSONA
Nombre de persona Goulet, Denis.
9 (RLIN) 59344
245 10 - MENCIÓN DEL TÍTULO
Título Ética del desarrollo /
Mención de responsabilidad, etc. Denis Goulet ; [traducción del francés por Pedro Darnell].
250 ## - MENCION DE EDICION
Mención de edición 1ª ed.
260 ## - PUBLICACIÓN, DISTRIBUCIÓN, ETC.
Lugar de publicación, distribución, etc. Barcelona :
Nombre del editor, distribuidor, etc. Estela,
Fecha de publicación, distribución, etc. 1965.
300 ## - DESCRIPCIÓN FÍSICA
Extensión 386 p. ;
Dimensiones 20 cm.
490 1# - MENCIÓN DE SERIE
Mención de serie Pensamiento y acción
650 #4 - PUNTO DE ACCESO ADICIONAL DE MATERIA--TÉRMINO DE MATERIA
Término de materia o nombre geográfico como elemento de entrada Desarrollo económico.
9 (RLIN) 153584
650 #7 - PUNTO DE ACCESO ADICIONAL DE MATERIA--TÉRMINO DE MATERIA
Término de materia o nombre geográfico como elemento de entrada Historia social
Fuente del encabezamiento o término embne
9 (RLIN) 13428
700 1# - ENTRADA AGREGADA--NOMBRE PERSONAL
Nombre de persona Darnell, Pedro.
9 (RLIN) 42741
830 1# - PUNTO DE ACCESO ADICIONAL DE SERIE-TÍTULO UNIFORME
Título uniforme Pensamiento y acción
9 (RLIN) 187218
852 4# - LOCALIZACIÓN
Ubicación ES-MaACL
Número de control de estantería C-27278
852 4# - LOCALIZACIÓN
Ubicación ES-MaACL
Número de control de estantería C-27860
Holdings
Estatus retirado Estado de pérdida Estado de daño No para préstamo Biblioteca de origen Biblioteca actual Ubicación en estantería Fecha de adquisición Fuente de adquisición Total de préstamos Signatura topográfica completa Código de barras Visto por última vez Precio de reemplazo Tipo de ítem Koha
        Biblioteca del Ateneo de Madrid Biblioteca del Ateneo de Madrid Depósito 2 17/01/2008     C-27860 1078080 23/02/2023 23/02/2023 Libro impreso
        Biblioteca del Ateneo de Madrid Biblioteca del Ateneo de Madrid Depósito 2 17/01/2008     C-27278 1078079 23/02/2023 23/02/2023 Libro impreso